Chicago Bulls Top 50 Career Points Leaders - Statistics

General Stats
  • This quiz has been taken 169 times
    27 since last reset
  • The average score is 26 of 50
Answer Stats
Hint Answer Total Points % Correct
1 Michael Jordan 29,277
100%
2 Scottie Pippen 15,123
100%
20. DeMar Derozan 5,831
96%
11 Derrick Rose 8,001
96%
41 Steve Kerr 3,109
96%
6. Zach Lavine 10,056
96%
47. Jalen Rose 2,742
92%
16. Jimmy Butler 6,208
88%
25. Joakim Noah 5,325
85%
15. Coby White 6,405
81%
22. B.J. Armstrong 5,553
77%
3 Bob Love 12,623
77%
19. Nikola Vucevic 6,013
77%
17. Toni Kukoc 6,148
77%
8. Artis Gilmore 9,288
73%
35 Bill Cartwright 3,638
73%
4 Luol Deng 10,286
73%
50. Patrick Williams 2,636
73%
5 Jerry Sloan 10,233
69%
27. John Paxson 4,932
69%
9 Kirk Hinrich 8,536
69%
46. Ron Harper 2,760
69%
13 Horace Grant 6,866
65%
32. Carlos Boozer 4,347
58%
28. Bob Boozer 4,807
54%
23. Mickey Johnson 5,531
54%
12 Ben Gordon 7,372
50%
10 Reggie Theus 8,279
50%
26. Taj Gibson 5,280
50%
40 Elton Brand 3,117
42%
7. Chet Walker 9,788
38%
44. Ayo Dosunmu 2,856
35%
39 Charles Oakley 3,162
35%
37 Lauri Markkanen 3,439
35%
18. Orlando Woolridge 6,146
27%
48. Jamal Crawford 2,737
23%
14 Norm Van Lier 6,505
23%
38 Eddy Curry 3,414
19%
24. Dave Corzine 5,457
15%
29. Tom Boerwinkle 4,596
15%
33. Andres Nocioni 4,120
12%
21. Dave Greenwood 5,824
12%
45. Nikola Mirotic 2,774
12%
31. Bob Weiss 4,445
8%
34. Clem Haskins 3,703
4%
49. Jim Washington 2,736
4%
30. Quintin Dailey 4,473
4%
42 Ricky Sobers 3,059
0%
43 Scott May 3,048
0%
36 Wilbur Holland 3,568
0%
No matching quizzes found
Score Distribution
Percent of People with Each Score
Percentile by Number Answered
Your Score History
You have not taken this quiz since the last reset